Dampingi aku di syurga kekasihku (Record no. 112556)

MARC details
000 -LEADER
fixed length control field 00785nam a2200265 i 4500
001 - CONTROL NUMBER
control field C2-0310062
003 - CONTROL NUMBER IDENTIFIER
control field PPAK
005 - DATE AND TIME OF LATEST TRANSACTION
control field 20180728101257.0
008 - FIXED-LENGTH DATA ELEMENTS--GENERAL INFORMATION
fixed length control field 110608s2010 my |||| ||||| | may d
020 ## - INTERNATIONAL STANDARD BOOK NUMBER
International Standard Book Number 9789675426353
040 ## - CATALOGING SOURCE
Original cataloging agency PPAK
Language of cataloging eng
Transcribing agency PPAK
Description conventions rda
082 04 - DEWEY DECIMAL CLASSIFICATION NUMBER
Classification number 297.577
Edition number 23
090 00 - LOCALLY ASSIGNED LC-TYPE CALL NUMBER (OCLC); LOCAL CALL NUMBER (RLIN)
Classification number (OCLC) (R) ; Classification number, CALL (RLIN) (NR) 297.577
Feature heading NAJ
Feature heading G
100 0# - MAIN ENTRY--PERSONAL NAME
Personal name Najla Sayyid Nail,
Titles and words associated with a name Dr.
Relator term author
245 10 - TITLE STATEMENT
Title Dampingi aku di syurga kekasihku
264 #1 - PRODUCTION, PUBLICATION, DISTRIBUTION, MANUFACTURE, AND COPYRIGHT NOTICE
Place of production, publication, distribution, manufacture Kuala Lumpur :
Name of producer, publisher, distributor, manufacturer Must Read ,
Date of production, publication, distribution, manufacture, or copyright notice 2010
300 ## - PHYSICAL DESCRIPTION
Extent 159 pages ;
Dimensions 21 cm
336 ## - CONTENT TYPE
Source rdacontent
Content type term text
337 ## - MEDIA TYPE
Source rdamedia
Media type term unmediated
338 ## - CARRIER TYPE
Source rdacarrier
Carrier type term volume
500 ## - GENERAL NOTE
General note Contains verses from the Qur'an.
650 10 - SUBJECT ADDED ENTRY--TOPICAL TERM
Topical term or geographic name entry element Husband and wife. ; Marriage - Religious aspects - Islam.
700 0# - ADDED ENTRY--PERSONAL NAME
Personal name Ainun Najah Ali,
Relator term editor
942 ## - ADDED ENTRY ELEMENTS (KOHA)
-- dc
Koha item type Book
Holdings
Withdrawn Not for loan Current library Shelving location Date acquired Full call number Barcode Date last seen Koha item type Total Checkouts Date last checked out
    Perpustakaan Alor Setar Pinjaman Dewasa 15/06/2011 297.577 NAJ A01346590 09/05/2018 Book    
    Perpustakaan Alor Setar Pinjaman Dewasa 15/06/2011 297.577 NAJ A01346591 13/08/2018 Book 1 25/07/2018
    Perpustakaan Awam Sungai Petani Pinjaman Dewasa 15/06/2011 297.577 NAJ A01346592 09/05/2018 Book    
    Perpustakaan Baling Pinjaman Dewasa 15/06/2011 297.577 NAJ A01346595 09/05/2018 Book    
    Perpustakaan Baling Pinjaman Dewasa 09/12/2015 297.577 NAJ A00876193 09/05/2018 Book    
    Perpustakaan Bandar Baharu Pinjaman Dewasa 15/06/2011 297.577 NAJ A01346597 09/05/2018 Book    
    Perpustakaan Jitra Pinjaman Dewasa 15/06/2011 297.577 NAJ A01346593 09/05/2018 Book    
    Perpustakaan Kulim Pinjaman Dewasa 15/06/2011 297.577 NAJ A01346594 12/01/2021 Book 1 16/11/2020